[Event "Capablancas Open"]
[Site "SchemingMind.com"]
[Date "2006.06.23"]
[Round "-"]
[White "willygor"]
[Black "mtrx"]
[Result "1-0"]
[WhiteCountry "ARG"]
[BlackCountry "PHI"]
[WhiteElo "1683"]
[WhiteRD "66"]
[BlackElo "1459"]
[BlackRD "109"]
[GameID "56578"]

1. e4 e5 2. Nf3 d6 3. Bc4 h6 4. Nc3 Nf6 5. d4 Bg4 6. dxe5 Nfd7 7. e6 fxe6 8. h3 Bxf3 9. Qxf3 Qe7 10. Qh5+ Qf7
11. Qg4 Nf6 12. Qxe6+ Qxe6 13. Bxe6 c6 14. f4 Nbd7 15. Be3 a6 16. g4 O-O-O 17. O-O-O Kb8 18. g5 Ne8 19. Na4 Be7 20. Nb6 Nc5
21. Bxc5 dxc5 22. Rxd8+ Bxd8 23. Nd7+ Ka7 24. g6 Nc7 25. Bf7 Bh4 26. Nxc5 Nb5 27. Ne6 Nd6 28. e5 Nf5 29. Rd1 b5 30. Nd4 Ne3
31. Rd3 Ng2 32. Nxc6+ Kb6 33. Rd6 Nxf4 34. Ne7+ Kb7 35. Nf5 Bg5 36. Kd1 Nxh3 37. Nxg7 Nf2+ 38. Ke2 Ne4 39. Rd4 Nc5 40. Ne8 Ne6
41. Rd6 Nf4+ 42. Kf1 Nh5 43. g7 Nxg7 44. Nxg7 Rh7 45. Rg6 Rh8 46. Ne8 a5 47. Nd6+ Kb6 48. Ne4+ Kc7 49. Nxg5 hxg5 50. Rxg5 Kd7
51. e6+ Ke7 52. Rxb5 Rc8 53. c3 a4 54. a3 Rd8 55. Rb7+
1-0

[Event "Capablancas Open"]
[Site "SchemingMind.com"]
[Date "2006.06.23"]
[Round "-"]
[White "willygor"]
[Black "mikewharvey"]
[Result "1-0"]
[WhiteCountry "ARG"]
[BlackCountry "GBR"]
[WhiteElo "1683"]
[WhiteRD "66"]
[BlackElo "1691"]
[BlackRD "140"]
[GameID "56579"]

1. e4 e5 2. Nf3 Nc6 3. Bc4 Bc5 4. a3 Nf6 5. Nc3 O-O 6. d3 h6 7. b4 Bb6 8. Nd5 d6 9. O-O Bg4 10. h3 Bxf3
11. Qxf3 Nd4 12. Qd1 c6 13. Nxb6 axb6 14. c3 Ne6 15. f4 exf4 16. Bxf4 Nxf4 17. Rxf4 Qc7 18. a4 d5 19. Rxf6 gxf6 20. exd5 Qd7
21. dxc6 bxc6 22. b5 c5 23. Qf3 Qe7 24. Qg4+ Kh7 25. Qf5+ Kh8 26. Qf4 Kh7 27. d4 cxd4 28. Bd3+ Kg7 29. Qg4+ Kh8 30. Qf5 Qe3+
31. Kh1 Qxd3 32. Qxd3 dxc3 33. Qxc3 Kg7 34. Qc6 Rfb8 35. Ra3 f5 36. Kh2 h5 37. Kg3 Kh7 38. Kf4 Rc8 39. Qf6 Rc4+ 40. Kg5 Rg8+
41. Kxh5 Rc5 42. Qh6#
1-0

[Event "Capablancas Open"]
[Site "SchemingMind.com"]
[Date "2006.06.26"]
[Round "-"]
[White "Gary"]
[Black "willygor"]
[Result "0-1"]
[WhiteCountry "ENG"]
[BlackCountry "ARG"]
[WhiteElo "1371"]
[WhiteRD "60"]
[BlackElo "1712"]
[BlackRD "66"]
[GameID "56580"]

1. e4 e5 2. Nf3 Nc6 3. Bb5 d6 4. O-O Bd7 5. d4 exd4 6. Nxd4 Nxd4 7. Bxd7+ Qxd7 8. Qxd4 Ne7 9. Nc3 Nc6 10. Qa4 Be7
11. Bf4 O-O 12. Rad1 Qg4 13. Bg3 h5 14. h3 Qg6 15. Nd5 Bd8 16. Rfe1 Ne5 17. Qb3 b6 18. f4 Nd7 19. Rd3 Nc5 20. Qc4 Nxd3
0-1

[Event "Capablancas Open"]
[Site "SchemingMind.com"]
[Date "2006.06.24"]
[Round "-"]
[White "capablanca"]
[Black "willygor"]
[Result "1-0"]
[WhiteCountry "GER"]
[BlackCountry "ARG"]
[WhiteElo "1599"]
[WhiteRD "56"]
[BlackElo "1683"]
[BlackRD "66"]
[GameID "56581"]

1. e4 e5 2. Nf3 Nc6 3. Bb5 d6 4. Bxc6+ bxc6 5. d4 exd4 6. Qxd4 c5 7. Qd5 Be6 8. Qc6+ Bd7 9. Qb7 Ne7 10. Nc3 Bc6
11. Qa6 Qd7 12. O-O Ng6 13. Be3 Be7 14. Rad1 O-O 15. Bxc5 Rfb8 16. b3 Bb5 17. Nxb5 Qxb5 18. Qxb5 Rxb5 19. Be3 a5 20. Nd4 Rb7
21. Rd3 Ne5 22. Rc3 g6 23. Nc6 Nxc6 24. Rxc6 a4 25. Rd1 axb3 26. axb3 Re8 27. f3 Bf6 28. Bd4 Bxd4+ 29. Rxd4 Kg7 30. Ra4 Kf6
31. Rca6 Re5 32. Ra7 Rxa7 33. Rxa7 Rc5= 34. c4 Ke6 35. Kf2 Ke5 36. Ke3 f5 37. f4+ Ke6 38. Kd4 fxe4 39. Kxe4 h5 40. g3 Kd7
41. h3 g5 42. fxg5 Rxg5 43. Kf4 Rg7 44. Ra5 Rf7+ 45. Rf5 Ke6 46. Rxf7 Kxf7 47. Kg5 c6 48. Kxh5 d5 49. Kg4 d4 50. b4 Kf6
51. Kf4 d3 52. Ke3 d2 53. Kxd2 Ke5 54. Kd3
1-0

[Event "Capablancas Open"]
[Site "SchemingMind.com"]
[Date "2006.06.24"]
[Round "-"]
[White "e_castle3"]
[Black "willygor"]
[Result "1-0"]
[WhiteCountry "PHI"]
[BlackCountry "ARG"]
[WhiteElo "1730"]
[WhiteRD "69"]
[BlackElo "1712"]
[BlackRD "66"]
[GameID "56582"]

1. e4 e5 2. Nf3 Nc6 3. Bb5 d6 4. O-O Bd7 5. Re1 Nf6 6. c3 Be7 7. d4 exd4 8. cxd4 O-O 9. Nc3 a6 10. Ba4 b5
11. Bc2 Bg4 12. Be3 Nd7 13. h3 Bh5 14. Nd5 Nf6 15. Nf4 Bg6 16. Nxg6 hxg6 17. a3 Nh7 18. Bd3 Ng5 19. Rc1 Qd7 20. Nxg5 Nxd4
21. Bb1 Ne6 22. Nxe6 Qxe6 23. Rxc7 Bf6 24. Qc2 Rfc8 25. Rxc8+ Rxc8 26. Qd2 Rd8 27. f4 Bh4 28. Rc1 d5 29. e5 g5 30. Qd4 gxf4
31. Bxf4 Be7 32. Rc3 a5 33. Rf3 b4 34. a4 Rc8 35. Kh2 Rc4 36. Qd3 Rxf4 37. Qh7+
1-0

[Event "Capablancas Open"]
[Site "SchemingMind.com"]
[Date "2006.06.24"]
[Round "-"]
[White "iain"]
[Black "willygor"]
[Result "0-1"]
[WhiteCountry "USA"]
[BlackCountry "ARG"]
[WhiteElo "1349"]
[WhiteRD "61"]
[BlackElo "1695"]
[BlackRD "69"]
[GameID "56583"]

1. d4 Nf6 2. c4 e6 3. Nc3 Bb4 4. Bd2 d5 5. cxd5 Bxc3 6. bxc3 exd5 7. Nf3 c6 8. e3 Nbd7 9. Be2 Ne4 10. O-O Ndf6
11. Ne5 Nxd2 12. Qxd2 Ne4 13. Qc2 f6 14. Bh5+ g6 15. Nxg6 hxg6 16. Bxg6+ Ke7 17. Bxe4 dxe4 18. Qxe4+ Kf7 19. Rad1 Qd6 20. d5 Qxh2#
0-1

[Event "Capablancas Open"]
[Site "SchemingMind.com"]
[Date "2006.06.28"]
[Round "-"]
[White "Dr_Pat"]
[Black "willygor"]
[Result "0-1"]
[WhiteCountry "USA"]
[BlackCountry "ARG"]
[WhiteElo "1440"]
[WhiteRD "47"]
[BlackElo "1683"]
[BlackRD "66"]
[GameID "56584"]

1. d4 Nf6 2. c4 e6 3. Nc3 Bb4 4. Bd2 d5 5. e3 Nc6 6. Nf3 O-O 7. Bd3 Re8 8. O-O dxc4 9. Bxc4 a6 10. Rc1 Ne7
11. a3 Ba5 12. b4 Bb6 13. a4 a5 14. e4 Bxd4 15. Nxd4 Qxd4 16. Be2 c6 17. bxa5 e5 18. Kh1 Nxe4 19. f3 Nxd2 20. Re1 Nd5
21. Nxd5 cxd5 22. Rc2 Nb3 23. Qxd4 Nxd4 24. Rc5 Nxe2 25. Rxe2 d4 26. Rexe5 Rxe5 27. Rxe5 Be6 28. Re2 d3 29. Rd2 Bc4
0-1

[Event "Capablancas Open"]
[Site "SchemingMind.com"]
[Date "2006.06.23"]
[Round "-"]
[White "jmoore"]
[Black "willygor"]
[Result "0-1"]
[WhiteCountry "USA"]
[BlackCountry "ARG"]
[WhiteElo "1498"]
[WhiteRD "75"]
[BlackElo "1683"]
[BlackRD "66"]
[GameID "56585"]

1. e4 Nc6 2. d4 d5 3. Nc3 dxe4 4. Nxe4 Qxd4 5. Bd3 e5 6. Nf3 Qd8 7. O-O Nf6 8. Bg5 Bg4 9. h3 Be6 10. Bb5 Qxd1
11. Rfxd1 Nxe4 12. Nxe5 Nxg5 13. Nxc6 Bd7 14. Re1+ Ne6 15. Nd4 Bxb5 16. Nxb5 O-O-O 17. Nxa7+ Kb8 18. Nb5 Rd2 19. Rac1 Bc5 20. Rf1 Nf4
21. Nc3 Ne2+ 22. Nxe2 Rxe2 23. a3 Rd8 24. b4 Ba7 25. c4 Bd4 26. Rcd1 Bxf2+ 27. Kh1 Rxd1 28. Rxd1 Kc8 29. Rd3 Re1+ 30. Kh2 Re3
31. Rd2 Bg3+
0-1

[Event "Capablancas Open"]
[Site "SchemingMind.com"]
[Date "2006.06.26"]
[Round "-"]
[White "mtrx"]
[Black "willygor"]
[Result "0-1"]
[WhiteCountry "PHI"]
[BlackCountry "ARG"]
[WhiteElo "1535"]
[WhiteRD "97"]
[BlackElo "1712"]
[BlackRD "66"]
[GameID "56586"]

1. e4 e5 2. Nf3 Nc6 3. Bb5 d6 4. Bxc6+ bxc6 5. d4 exd4 6. Qxd4 c5 7. Qd5 Be6 8. Qc6+ Bd7 9. Qa6 Ne7 10. b3 Ng6
11. Bb2 f6 12. Nc3 Be7 13. Qc4 c6 14. Ne2 Bg4 15. Neg1 Qd7 16. h3 Be6 17. Qd3 Nf4 18. Qc3 Nxg2+ 19. Kd2 Nf4 20. Rd1 O-O
21. Qe3 Ng2 22. Qc3 Nf4 23. h4 d5 24. Kc1 Bg4 25. Re1 d4 26. Qd2 Ng6 27. h5 Ne5 28. Nh4 c4 29. Qxd4 Qxd4 30. Bxd4 Ba3+
31. Kb1 Bxh5 32. f4 Nd7 33. Nh3 cxb3 34. cxb3 c5 35. Bc3 c4 36. Nf5 cxb3 37. axb3 Rfc8 38. Ne7+ Bxe7 39. Kb2 Nc5 40. Nf2 Bf3
41. Rh3 Bxe4 42. Nxe4 Rab8 43. Nxc5 Bxc5 44. Reh1 h6 45. Rg3 Rb7 46. Rxh6 Kf7 47. Rhg6 Bf8 48. R6g4 Rcb8 49. Bd4 Ke6 50. Rh4 Rd8
51. Bc3 Rd5 52. Re3+ Kf7 53. Rf3 Bb4 54. f5 Bxc3+ 55. Kxc3 Rc5+ 56. Kb2 Rcb5 57. Ka3 Ra5+ 58. Kb2 Rab5 59. Ka3 Re5 60. b4 Rbe7
61. Rff4 Re3+ 62. Ka4 g5 63. Rh7+ Kg8 64. Rxe7 gxf4 65. Rxa7 f3 66. Ra6 f2
0-1

[Event "Capablancas Open"]
[Site "SchemingMind.com"]
[Date "2006.06.26"]
[Round "-"]
[White "mikewharvey"]
[Black "willygor"]
[Result "1-0"]
[WhiteCountry "GBR"]
[BlackCountry "ARG"]
[WhiteElo "1726"]
[WhiteRD "104"]
[BlackElo "1712"]
[BlackRD "66"]
[GameID "56587"]

1. e4 e5 2. Nf3 Nc6 3. Bc4 Be7 4. d4 exd4 5. Nxd4 Ne5 6. Bb5 a6 7. Ba4 Nf6 8. Nc3 O-O 9. O-O d5 10. f4 Bg4
11. Nf3 Nxf3+ 12. gxf3 Bh3 13. Re1 Bc5+ 14. Be3 d4 15. Bf2 dxc3 16. Bxc5 Qxd1 17. Rexd1 cxb2 18. Rab1 Rfd8 19. Re1 Rd2 20. Rxb2 Rad8
21. Bf2 b6 22. Rbb1 Nh5 23. Be3 Rg2+ 24. Kh1 Rg6 25. f5 Rgd6 26. Bg5 f6 27. e5 Rd4 28. Bb3+ Kh8 29. Be3 R4d7 30. Be6 Re7
31. exf6 Nxf6 32. Bf4 h6 33. Rbd1 Rde8 34. Rg1 Nh5 35. Bg3 g5 36. Rd4 Ng7 37. Be5 Kh7 38. Bxg7 Kxg7 39. f6+ Kxf6 40. Bxh3 Re2
41. Rc4 R8e7 42. Rc6+ Kg7 43. f4 Rf2 44. fxg5 hxg5 45. Rxg5+ Kh7 46. Bf5+
1-0

[Event "Capablancas Open"]
[Site "SchemingMind.com"]
[Date "2006.06.24"]
[Round "-"]
[White "mateintwenty"]
[Black "Gary"]
[Result "1-0"]
[WhiteCountry "UGA"]
[BlackCountry "ENG"]
[WhiteElo "1970"]
[WhiteRD "99"]
[BlackElo "1477"]
[BlackRD "63"]
[GameID "56646"]

1. e4 c6 2. d4 d5 3. e5 Bf5 4. Bd3 Bxd3 5. Qxd3 e6 6. Nf3 Ne7 7. O-O Ng6 8. Nc3 Be7 9. Ne2 O-O 10. Nf4 Nd7
11. g3 c5 12. c3 Qb6 13. h4 Nxf4 14. Bxf4 f6 15. exf6 Bxf6 16. h5 Rae8 17. Rfe1 Rf7 18. Be5 Nxe5 19. Nxe5 Bxe5 20. Rxe5 Qxb2
21. Rae1 Rfe7 22. h6 g6 23. Qe3 cxd4 24. Qxd4 Qb6 25. Qh4 Rf7 26. R1e2 Qd6 27. Qa4 a6 28. Qxe8+
1-0

[Event "Capablancas Open"]
[Site "SchemingMind.com"]
[Date "2006.06.24"]
[Round "-"]
[White "mateintwenty"]
[Black "willygor"]
[Result "1-0"]
[WhiteCountry "UGA"]
[BlackCountry "ARG"]
[WhiteElo "1902"]
[WhiteRD "114"]
[BlackElo "1683"]
[BlackRD "66"]
[GameID "56647"]

1. e4 e5 2. Nf3 Nc6 3. Bc4 Be7 4. c3 Nf6 5. Qe2 d6 6. h3 a6 7. a4 O-O 8. d4 Nxe4 9. Qxe4 exd4 10. O-O Bf6
11. cxd4 Ne7 12. Nc3 c6 13. Qf4 d5 14. Bd3 Ng6 15. Qg3 Be7 16. Ne2 Bd6 17. Qg5 f6 18. Qh5 Qe8 19. Nh4 f5 20. Nf3 Rf6
21. Re1 Qf7 22. Ng5
1-0

[Event "Capablancas Open"]
[Site "SchemingMind.com"]
[Date "2006.06.24"]
[Round "-"]
[White "mateintwenty"]
[Black "capablanca"]
[Result "1/2-1/2"]
[WhiteCountry "UGA"]
[BlackCountry "GER"]
[WhiteElo "1804"]
[WhiteRD "172"]
[BlackElo "1590"]
[BlackRD "58"]
[GameID "56648"]

1. e4 e5 2. Nf3 Nc6 3. Bc4 Bc5 4. b4 Bxb4 5. c3 Ba5 6. d4 exd4 7. O-O Bxc3 8. Nxc3 dxc3 9. Qb3 Qe7 10. Bg5 f6
11. Bxg8 fxg5 12. e5 b6 13. Nxg5 Bb7 14. Bf7+ Kd8 15. Rad1 Qxg5 16. Rxd7+ Kc8 17. Qe6 Kb8 18. Rxc7 Nd4 19. Rxb7+ Kxb7 20. Qd7+ Ka6
21. Qa4+ Kb7 22. Qd7+ Ka6 23. Qa4+ Kb7 24. Qd7+ Ka6 25. Qa4+
1/2-1/2

[Event "Capablancas Open"]
[Site "SchemingMind.com"]
[Date "2006.06.24"]
[Round "-"]
[White "mateintwenty"]
[Black "e_castle3"]
[Result "0-1"]
[WhiteCountry "UGA"]
[BlackCountry "PHI"]
[WhiteElo "1970"]
[WhiteRD "99"]
[BlackElo "1830"]
[BlackRD "65"]
[GameID "56649"]

1. e4 e6 2. d4 d5 3. exd5 exd5 4. c4 Bb4+ 5. Nc3 Qe7+ 6. Qe2 dxc4 7. Qxe7+ Nxe7 8. Bxc4 O-O 9. Nf3 a6 10. a3 Ba5
11. O-O Bg4 12. Ne5 Bh5 13. Be3 Nbc6 14. Ne2 b5 15. Nxc6 Nxc6 16. Nf4 bxc4 17. Nxh5 Rad8 18. Rfd1 Bb6 19. d5 Ne7 20. Bxb6 cxb6
21. d6 Ng6 22. f4 Rfe8 23. d7 Re7 24. Rd6 Rexd7 25. Rxb6 Rd6 26. Rxd6 Rxd6= 27. Rc1 Rd4 28. g3 f6 29. Re1 Kf7 30. h3 Nf8
31. f5 g6 32. fxg6+ hxg6 33. Nf4 g5 34. Ng2 Rd3 35. Kf2 Ne6 36. Ne3 c3 37. bxc3 Rxc3 38. Ra1 Nc5 39. Ra2 Ne4+ 40. Kf3 Nxg3
41. Kxg3 Rxe3+ 42. Kg2 Ke6 43. a4 a5 44. Ra1 Re4 45. Kf3 Ke5 46. Kg3 f5 47. Ra2 Re3+ 48. Kg2 f4 49. Rb2 Rg3+ 50. Kh2 Rd3
51. Kg2 Ke4 52. Rb5 Rd2+ 53. Kg1 Rd5 54. Rb2 f3 55. Kf2 Kf4 56. Rc2 Rd4 57. Ra2 Rb4
0-1

[Event "Capablancas Open"]
[Site "SchemingMind.com"]
[Date "2006.06.24"]
[Round "-"]
[White "mateintwenty"]
[Black "iain"]
[Result "1-0"]
[WhiteCountry "UGA"]
[BlackCountry "USA"]
[WhiteElo "1902"]
[WhiteRD "114"]
[BlackElo "1376"]
[BlackRD "56"]
[GameID "56650"]

1. e4 d6 2. d4 Nf6 3. Nc3 g6 4. Nf3 Bg7 5. Bf4 O-O 6. Qd2 c5 7. Be2 Nc6 8. O-O cxd4 9. Nxd4 Nxd4 10. Qxd4 e5
11. Bxe5 dxe5 12. Qxe5 Re8 13. Qf4 Nh5 14. Bxh5 gxh5 15. Nd5 Be5 16. Qh6 Be6 17. Rad1 Bg7 18. Qxh5 Qa5 19. Nf6+ Bxf6 20. Qxa5 b6
21. Qb5 Rec8 22. c3 Bc4 23. Qf5 Bxf1 24. Kxf1 Bg7 25. Rd7 a6 26. Qxf7+
1-0

[Event "Capablancas Open"]
[Site "SchemingMind.com"]
[Date "2006.06.24"]
[Round "-"]
[White "mateintwenty"]
[Black "Dr_Pat"]
[Result "1-0"]
[WhiteCountry "UGA"]
[BlackCountry "USA"]
[WhiteElo "1902"]
[WhiteRD "114"]
[BlackElo "1440"]
[BlackRD "47"]
[GameID "56651"]

1. e4 c5 2. c3 Nc6 3. d4 d5 4. e5 e6 5. Nf3 Nge7 6. Bd3 b6 7. O-O Bb7 8. Ng5 g6 9. Bc2 Bg7 10. Be3 O-O
11. Qg4 h6 12. Nf3 Qc7 13. Na3 f5 14. exf6 Rxf6 15. Qh3 cxd4 16. Nxd4 Nxd4 17. Bxd4 Rff8 18. Qxe6+ Kh8 19. Nb5 Qc6 20. Qxe7 Bxd4
21. Nxd4 Qc8 22. Bxg6
1-0

[Event "Capablancas Open"]
[Site "SchemingMind.com"]
[Date "2006.06.24"]
[Round "-"]
[White "mateintwenty"]
[Black "jmoore"]
[Result "0-1"]
[WhiteCountry "UGA"]
[BlackCountry "USA"]
[WhiteElo "1902"]
[WhiteRD "114"]
[BlackElo "1498"]
[BlackRD "75"]
[GameID "56652"]

1. e4 e5 2. Nf3 Nc6 3. Bc4 Nf6 4. Ng5 d5 5. exd5 Nxd5 6. Nxf7 Kxf7 7. Qf3+ Ke7 8. Bxd5 Be6 9. Bxc6 bxc6 10. d3 Kd7
11. O-O Be7 12. Nc3 Rf8 13. Qe3 Bd6 14. Ne4 Be7 15. a4 Bd5 16. Bd2 h6 17. b4 Bxe4 18. dxe4 Bg5 19. Qc3 Qf6 20. b5 Bxd2
21. Rad1 Kc8 22. Rxd2 cxb5 23. Rfd1 Kb7 24. Rd7 Qxf2+ 25. Kh1 Qf1+
0-1

[Event "Capablancas Open"]
[Site "SchemingMind.com"]
[Date "2006.06.24"]
[Round "-"]
[White "mateintwenty"]
[Black "mtrx"]
[Result "1-0"]
[WhiteCountry "UGA"]
[BlackCountry "PHI"]
[WhiteElo "1902"]
[WhiteRD "114"]
[BlackElo "1459"]
[BlackRD "109"]
[GameID "56653"]

1. e4 e5 2. Nf3 Nc6 3. Bc4 h6 4. O-O Nf6 5. d4 d6 6. dxe5 Nxe4 7. Bxf7+ Kxf7 8. Qd5+ Be6 9. Qxe4 Be7 10. Re1 Qd7
11. exd6 Bxd6 12. Nh4 Ne7 13. Nc3 Rad8 14. Bf4 Bf5 15. Nxf5 Qxf5 16. Qc4+ Kf8 17. Bxd6 cxd6 18. Re3 d5 19. Qc5 Qd7 20. Rae1 Kg8
21. Rxe7 Qc6 22. Qxa7 Kh7 23. Rxb7 Rhg8 24. Rb6 Qc5 25. Rxh6+
1-0

[Event "Capablancas Open"]
[Site "SchemingMind.com"]
[Date "2006.06.24"]
[Round "-"]
[White "mateintwenty"]
[Black "mikewharvey"]
[Result "1-0"]
[WhiteCountry "UGA"]
[BlackCountry "GBR"]
[WhiteElo "1934"]
[WhiteRD "111"]
[BlackElo "1726"]
[BlackRD "104"]
[GameID "56654"]

1. e4 e5 2. Nf3 Nc6 3. Bc4 Nf6 4. Ng5 d5 5. exd5 Nxd5 6. Nxf7 Kxf7 7. Qf3+ Ke8 8. Bxd5 Be7 9. Bf7+ Kf8 10. Bd5+ Bf6
11. Bxc6 bxc6 12. Qxc6 Bd7 13. Qd5 c6 14. Qc4 Qb6 15. O-O Ke7 16. b3 Be6 17. Ba3+ Kf7 18. Qe2 g6 19. Nc3 h5 20. Ne4 Qd4
21. Qf3 Bf5 22. Nxf6 Kxf6 23. Qxc6+ Be6 24. Qc7 Rhe8 25. Qc3 Qd5 26. f4 Bf5 27. fxe5+ Rxe5 28. Bb2 Ke6 29. Qxe5+ Qxe5 30. Bxe5 Kxe5
31. Rae1+ Kf6 32. h3 Kg5 33. c4 Rd8 34. Rf2 Rd3 35. c5 Rg3 36. c6 Bxh3 37. Kh2
1-0

[Event "Capablancas Open"]
[Site "SchemingMind.com"]
[Date "2006.06.26"]
[Round "-"]
[White "Gary"]
[Black "mateintwenty"]
[Result "0-1"]
[WhiteCountry "ENG"]
[BlackCountry "UGA"]
[WhiteElo "1477"]
[WhiteRD "63"]
[BlackElo "1970"]
[BlackRD "99"]
[GameID "56655"]

1. e4 e5 2. Nf3 Nc6 3. Bb5 a6 4. Ba4 Nf6 5. O-O b5 6. Bb3 Be7 7. Re1 d6 8. c3 Na5 9. Bc2 c5 10. d4 Qc7
11. Bg5 O-O 12. Nbd2 Bg4 13. h3 Bh5 14. Qc1 Rac8 15. d5 Nc4 16. Nxc4 bxc4 17. Nd2 Nxd5 18. Bxe7 Nxe7 19. Nxc4 h6 20. Qd2 Rcd8
21. g4 Bg6 22. Rad1 d5 23. exd5 Rxd5 24. Qe2 Bxc2 25. Qxc2 Rxd1 26. Rxd1 Ng6 27. Re1 Re8 28. Qe4 Nh4
0-1

[Event "Capablancas Open"]
[Site "SchemingMind.com"]
[Date "2006.06.24"]
[Round "-"]
[White "willygor"]
[Black "mateintwenty"]
[Result "0-1"]
[WhiteCountry "ARG"]
[BlackCountry "UGA"]
[WhiteElo "1683"]
[WhiteRD "66"]
[BlackElo "1902"]
[BlackRD "114"]
[GameID "56656"]

1. e4 e5 2. Nf3 Nc6 3. Bc4 Be7 4. Nc3 d6 5. Nd5 Nf6 6. Nxe7 Qxe7 7. a3 Bg4 8. h3 Bh5 9. g4 Bg6 10. d3 O-O-O
11. Bg5 h6 12. Bh4 Kb8 13. b4 Bh7 14. Qd2 g5 15. Bg3 d5 16. exd5 Nxd5 17. O-O Nf4 18. Bxf4 gxf4 19. Rae1 f5 20. Nxe5 Nxe5
21. Qxf4 Ng6 22. Qxf5 Qd6 23. Re6 Qd4 24. Rxg6 Rdf8 25. Qe6 Bxg6 26. Qxg6 Rf3 27. Kg2 Rhf8 28. Qe4 Rxf2+ 29. Rxf2 Qxf2+ 30. Kh1 Qf1+
31. Kh2 Qf2+ 32. Qg2 Qe3 33. Bd5 Rf2 34. Bxb7 Rxg2+ 35. Bxg2 Qf4+ 36. Kg1 Qc1+
0-1

[Event "Capablancas Open"]
[Site "SchemingMind.com"]
[Date "2006.06.24"]
[Round "-"]
[White "capablanca"]
[Black "mateintwenty"]
[Result "0-1"]
[WhiteCountry "GER"]
[BlackCountry "UGA"]
[WhiteElo "1590"]
[WhiteRD "58"]
[BlackElo "1804"]
[BlackRD "172"]
[GameID "56657"]

1. e4 e5 2. Nf3 Nc6 3. Bb5 a6 4. Bxc6 dxc6 5. d4 exd4 6. Qxd4 Qxd4 7. Nxd4 Bc5 8. Be3 Nf6 9. Nc3 Bg4 10. O-O O-O
11. h3 Bh5 12. f3 Rad8 13. Nce2 Rfe8 14. Nf5 Bxe3+ 15. Nxe3 Nxe4 16. fxe4 Bxe2 17. Rfe1 Rd2
0-1

[Event "Capablancas Open"]
[Site "SchemingMind.com"]
[Date "2006.06.26"]
[Round "-"]
[White "e_castle3"]
[Black "mateintwenty"]
[Result "0-1"]
[WhiteCountry "PHI"]
[BlackCountry "UGA"]
[WhiteElo "1830"]
[WhiteRD "65"]
[BlackElo "1970"]
[BlackRD "99"]
[GameID "56658"]

1. e4 e5 2. Nf3 Nc6 3. Bb5 a6 4. Ba4 Nf6 5. O-O b5 6. Bb3 Be7 7. Re1 d6 8. c3 Bg4 9. h3 Bh5 10. d3 Na5
11. Bc2 c5 12. Nbd2 O-O 13. g4 Bg6 14. Nf1 h5 15. g5 Nh7 16. h4 f6 17. Qd2 fxg5 18. Nxg5 Rf4 19. Ne6 Rg4+ 20. Ng3 Qd7
21. b4 Qxe6 22. bxa5 Bxh4 23. Bd1 Bxg3 24. Bxg4 Qxg4 25. fxg3 Qxg3+ 26. Kh1 Ng5 27. Rg1 Qh3+ 28. Qh2 Qxh2+ 29. Kxh2 Nf3+ 30. Kg2 Nxg1
31. Kxg1 d5 32. exd5 Rd8 33. c4 Bxd3 34. Bg5 Rd7 35. cxb5 Bxb5 36. Rd1 Rf7 37. d6 e4 38. Re1 Bd3 39. Be7 Rxe7 40. dxe7 Kf7
41. Kf2 Kxe7 42. Ke3 Kf6 43. Rh1 Kg6 44. Rc1 c4 45. Kd4 h4 46. Rg1+ Kh6 47. Rg2 g5 48. Rb2 Kh5 49. Rb6 c3 50. Kxc3 h3
51. Rb8 Kh4
0-1

[Event "Capablancas Open"]
[Site "SchemingMind.com"]
[Date "2006.06.25"]
[Round "-"]
[White "iain"]
[Black "mateintwenty"]
[Result "0-1"]
[WhiteCountry "USA"]
[BlackCountry "UGA"]
[WhiteElo "1376"]
[WhiteRD "56"]
[BlackElo "1902"]
[BlackRD "114"]
[GameID "56659"]

1. d4 Nf6 2. c4 d5 3. Nc3 dxc4 4. e4 e5 5. Nf3 exd4 6. Nxd4 a6 7. Bxc4 Bc5 8. Be3 O-O 9. O-O Bg4 10. Qd2 Bxd4
11. Bxd4 c5 12. Be3 Qxd2 13. Bxd2 Nc6 14. f3 Be6 15. Bxe6 fxe6 16. a3 Nd4 17. Rab1 b5 18. b4 c4 19. a4 Rfd8 20. Bg5 h6
21. Bxf6 gxf6 22. axb5 axb5 23. f4 Ra3 24. Nd1 c3 25. Rc1 Ne2+ 26. Kf2 Nxc1 27. Ne3 Rd2+ 28. Kg3 c2 29. Rxc1 Rxe3+ 30. Kg4 Rxg2+
31. Kh4 f5 32. exf5 exf5 33. h3 Rh2 34. Rg1+ Kh7 35. Rf1 Rhxh3#
0-1

[Event "Capablancas Open"]
[Site "SchemingMind.com"]
[Date "2006.06.28"]
[Round "-"]
[White "Dr_Pat"]
[Black "mateintwenty"]
[Result "0-1"]
[WhiteCountry "USA"]
[BlackCountry "UGA"]
[WhiteElo "1440"]
[WhiteRD "47"]
[BlackElo "1902"]
[BlackRD "114"]
[GameID "56660"]

1. d4 d5 2. c4 dxc4 3. e4 e5 4. Nf3 Bg4 5. Bxc4 Bxf3 6. Qxf3 Qf6 7. Qb3 Nc6 8. Bxf7+ Qxf7 9. Qxb7 Rd8 10. Qxc6+ Qd7
11. Qxd7+ Rxd7 12. dxe5 Bc5 13. Nc3 Ne7 14. Nb5 O-O 15. O-O Ng6 16. e6 Re7 17. b3 a6 18. Nc3 Rxe6 19. Bb2 Bd4 20. Rac1 Nf4
21. Ba3 c5 22. Na4 Ne2+
0-1

[Event "Capablancas Open"]
[Site "SchemingMind.com"]
[Date "2006.06.25"]
[Round "-"]
[White "jmoore"]
[Black "mateintwenty"]
[Result "0-1"]
[WhiteCountry "USA"]
[BlackCountry "UGA"]
[WhiteElo "1498"]
[WhiteRD "75"]
[BlackElo "1902"]
[BlackRD "114"]
[GameID "56661"]

1. d4 d5 2. Nc3 Nf6 3. Bg5 e6 4. e4 dxe4 5. Nxe4 Be7 6. Nf3 Nxe4 7. Bd2 Nc6 8. Bb5 Bd7 9. O-O Nxd2 10. Qxd2 O-O
11. c4 a6 12. Bxc6 Bxc6 13. Ne5 Be4 14. Qf4 Bg6 15. Rad1 Bc2 16. Rc1 Bg5 17. Qg4 Bxc1 18. Rxc1 Bf5 19. Qf4 Qe7 20. c5 c6
21. Nc4 Rad8 22. Re1 h6 23. Ne3 Bg6 24. Ng4 Rd5 25. Ne5 Bh7 26. Nc4 Rfd8 27. Nd6 R5xd6 28. cxd6 Qxd6 29. Qxd6 Rxd6 30. Rd1 e5
31. Re1 Rxd4 32. h3 f6 33. Re2 Rd1+ 34. Kh2 Bd3 35. Re3 e4 36. f3 f5 37. Kg3 Rd2 38. Kf4 Rxg2 39. Ke5 Rg3 40. Kxf5 Rxf3+
0-1

[Event "Capablancas Open"]
[Site "SchemingMind.com"]
[Date "2006.06.26"]
[Round "-"]
[White "mtrx"]
[Black "mateintwenty"]
[Result "0-1"]
[WhiteCountry "PHI"]
[BlackCountry "UGA"]
[WhiteElo "1459"]
[WhiteRD "109"]
[BlackElo "1902"]
[BlackRD "114"]
[GameID "56662"]

1. c4 d5 2. e3 e6 3. Nf3 Nf6 4. Nc3 c5 5. d4 Nc6 6. Be2 dxc4 7. Bxc4 a6 8. O-O Be7 9. Ne2 O-O 10. Nf4 b5
11. Bb3 Bb7 12. Qe2 cxd4 13. Rd1 e5 14. Nh3 d3 15. Rxd3 Qb6 16. Bd2 e4 17. Rc3 exf3 18. Qxf3 Bb4 19. Rc2 Nd4 20. Qxb7 Qxb7
21. exd4 Bxd2 22. Rxd2 Nd5 23. Rad1 Rac8 24. Ng5 h6 25. Ne4 Nf4 26. f3 Qb6 27. g3 Ne6 28. Kg2 Nxd4 29. Rxd4 Rc1 30. R1d2 Kh8
31. Nd6 Qa7 32. Bc2 Rxc2
0-1

[Event "Capablancas Open"]
[Site "SchemingMind.com"]
[Date "2006.06.26"]
[Round "-"]
[White "mikewharvey"]
[Black "mateintwenty"]
[Result "0-1"]
[WhiteCountry "GBR"]
[BlackCountry "UGA"]
[WhiteElo "1726"]
[WhiteRD "104"]
[BlackElo "1934"]
[BlackRD "111"]
[GameID "56663"]

1. e4 e5 2. Nf3 Nc6 3. Bc4 Be7 4. Nc3 Nf6 5. O-O d6 6. d4 Bg4 7. dxe5 Nxe5 8. Be2 Ng6 9. Ng5 Bxe2 10. Nxe2 h6
11. Nf3 Nxe4 12. Be3 O-O 13. Ng3 Nxg3 14. fxg3 Ne5 15. Qd4 Bf6 16. Nxe5 Bxe5 17. Qb4 b6 18. c3 Qd7 19. Rf3 Qe6 20. a3 Qg6
21. Raf1 Rae8 22. Qc4 c5 23. Qd5 Qe6 24. Qe4 d5 25. Qa4 Re7 26. b4 d4 27. cxd4 Bxd4 28. Bxd4 cxd4 29. Qc2 Rc8 30. Qd2 Qe4
31. Qa2 Rcc7 32. Qd2 Rc2 33. Qd3 Qxd3 34. Rxd3 Ree2 35. Rf4 Rxg2+ 36. Kh1 Rxh2+ 37. Kg1 Rcg2+ 38. Kf1 Ra2 39. Kg1 Rhc2 40. Rff3 Rc1+
41. Rf1 Rc3 42. Rff3 Raxa3 43. Rxc3 dxc3 44. Rf2 Rb3 45. Rc2 Rb1+
0-1